000 00474nam a2200193Ia 4500
001 14261
003 GE_BSU
008 181216s||||||||xx |||||||||||||| ||und||
020 _a0718124898
040 _cGE_BSU
080 _a646/649
100 _aJohnson,Lorraine
245 _aHow to Restore & repair. Practically Everything
260 _aLondon
260 _c1984
300 _a191p.ill.27cm.
653 _aHow to Restore & repair. Practically Everything
942 _cBK
999 _c47399
_d47399